<L'> investissement international

Guardado en:
Detalles Bibliográficos
Autor principal: Bouyeure, Cyril
Formato: Libro
Lenguaje:francés
Publicado: Paris Presses Universitaires de France 1993
Colección:que sais - je ?
Materias:
Etiquetas: Agregar Etiqueta
Sin Etiquetas, Sea el primero en etiquetar este registro!

MARC

LEADER 00000nam$a2200000$$$4500
001 0113934
005 20240111124537.4
020 |a 2-13-045877-7 
041 0 |a fre 
044 |a FR 
245 1 0 |a <L'> investissement international  |c Cyril Bouyeure 
264 1 |a Paris  |b Presses Universitaires de France  |c 1993 
300 |a 127 s. 
490 1 |a que sais - je ? 
830 0 |a que sais - je ? 
610 2 0 |a hospodárstvo svetové 
610 2 0 |a investície priame zahraničné 
610 2 0 |a krajiny vyspelé 
610 2 0 |a krajiny rozvojové 
100 1 |a Bouyeure, Cyril